A collection of horror stories

Bibliographic Details
Format: Book

MARC

LEADER 00000cam a2200000 7i4500
001 0000008749
002 000009541
005 20000330.0
020 |a 0600570983 
090 0 0 |a YF   |b COL 
245 0 0 |a A collection of horror stories 
999 |a 027368   |b BUKU   |c PINJAMAN   |e PERPUSTAKAAN KOMUNITI PETALING JAYA 
999 |a 027369   |b BUKU   |c PINJAMAN   |e PERPUSTAKAAN KOMUNITI PETALING JAYA